01320nam a22002057a 450000500170000000800410001702000180005804000070007604100080008308200220009110000220011324500230013525000120015826000420017030000300021236500640024252007480030665000380105470000220109220220412160420.0220323b ||||| |||| 00| 0 eng d a9780128186312 cAL aeng 223a581.192bHELP aHans-Walter Heldt aPlant Biochemistry a5th ed. aLondonbAcademic Press Elsevierc2021 axiv,609p.bPBc23.5x19cm. 2Generala6468b₹6761.04c₹d₹8668.00e22%f12/03/2022 aPlant Biochemistry, Fifth Edition, enables students to gain basic knowledge of the entire field, from photosynthesis to genetic engineering and its many commercial applications. Topics include cell structure and function of isoprenoids, phenylpropanoids and other secondary metabolites, and plant growth regulation and development. The text covers recent research findings and identifies areas of future research. This book is suitable for graduate students and advanced undergraduates in plant physiology, plant pathology, plant cell biology, and other plant sciences, researchers in industries actively involved in agribusiness, other biotechnology enterprises, and researchers in agronomy, agriculture, plant development and related areas.  2Botanyanatural history of plants aPiechulla, Birgit